[Event "Let's Play Chess!"]
[Site "http://www.queenalice.com/game.php?id=685122"]
[Date "2009.11.18"]
[Round "-"]
[White "PowerGuido"]
[Black "Conde7"]
[Result "1-0"]
[WhiteElo "2459"]
[BlackElo "2723"]

1. d4 Nf6 2. c4 e6 3. Nf3 d5 4. Nc3 Be7 5. Bf4 O-O 6. e3 c5 7. dxc5 Bxc5 8. Qc2
Nc6 9. a3 Qa5 10. O-O-O Be7 11. h4 Rd8 12. Nd2 e5 13. Bg5 d4 14. Nb3 Qc7 15.
exd4 exd4 16. Nb5 Qe5 17. Bd3 Qb8 18. g3 Bg4 19. Be2 h6 20. N3xd4 Nxd4 21. Nxd4
Bxe2 22. Qxe2 Re8 23. Nf5 Qc7 24. Qc2 b5 25. Bf4 Qxc4 26. Qxc4 bxc4 27. Nxe7+
Rxe7 28. Rhe1 Rb7 29. Rd4 Rc8 30. Kc2 Rb3 31. Re3 Ng4 32. Rxb3 cxb3+ 33. Kxb3
Nxf2 34. Ra4 f6 35. Rxa7 g5 36. Bc7 Ne4 37. a4 f5 38. hxg5 hxg5 39. Ka3 Rf8 40.
b4 f4 41. gxf4 gxf4 42. b5 f3 43. Bb6 Rb8 44. Bg1 f2 45. Bxf2 Nxf2 46. Rd7 Kf8
47. Rh7 Kg8 48. Rh5 Kg7 49. a5 Kg6 50. Rd5 Kf6 51. a6 Ke6 52. Rh5 Ra8 53. Kb4
Ne4 54. Ka5 Nd6 55. Rh6+ Kd5 56. Kb6 1-0

[Event "Let's Play Chess!"]
[Site "http://www.queenalice.com/game.php?id=685130"]
[Date "2009.11.18"]
[Round "-"]
[White "Conde7"]
[Black "PowerGuido"]
[Result "0-1"]
[WhiteElo "2748"]
[BlackElo "2445"]

1. e4 c6 2. d4 d5 3. e5 Bf5 4. g4 Bg6 5. h4 h5 6. g5 e6 7. Ne2 c5 8. Nf4 Ne7 9.
Nxg6 Nxg6 10. c3 cxd4 11. cxd4 Qb6 12. Nc3 Nc6 13. Bb5 Bb4 14. Ba4 O-O 15. Bxc6
bxc6 16. Be3 Be7 17. Qd2 Rab8 18. O-O-O Qa5 19. Kb1 Ba3 20. b3 Bb4 21. Rc1 Rfd8
22. Rhd1 Rb7 23. Qd3 c5 24. dxc5 Nxe5 25. Qc2 Ba3 26. Ne2 Bxc1 27. Rxc1 Qa6 28.
Rd1 Rc8 29. Ka1 Rxb3 30. Qxb3 Qxe2 31. Rb1 Qa6 32. f4 Ng6 33. Rh1 Qc6 34. Qb1
Ne7 35. Bf2 Qa4 36. Qc1 Nc6 37. Qd2 Rb8 38. Rb1 Rxb1+ 39. Kxb1 Qc4 40. Kb2 a5
41. Qc1 Qe2+ 42. Qc2 Qb5+ 43. Qb3 Nb4 44. Ka3 Qe2 45. Bg3 Qe4 46. Bf2 Qxf4 0-1

[Event "QA-ANNIV-04"]
[Site "http://www.queenalice.com/game.php?id=695087"]
[Date "2009.12.9"]
[Round "7"]
[White "PowerGuido"]
[Black "AndyWo"]
[Result "1/2-1/2"]
[WhiteElo "2442"]
[BlackElo "2576"]

1. e4 c5 2. Nf3 Nc6 3. d4 cxd4 4. Nxd4 Nf6 5. Nc3 d6 6. Bg5 e6 7. Qd2 a6 8.
O-O-O Bd7 9. f4 b5 10. Bxf6 gxf6 11. Kb1 Qb6 12. Nxc6 Bxc6 13. Qe1 Be7 14. Bd3
b4 15. Ne2 d5 16. Nc1 a5 17. exd5 Bxd5 18. f5 e5 19. Be4 Bxe4 20. Qxe4 Rc8 21.
Rhe1 Qc7 22. Rd2 O-O 23. Re3 Kh8 24. Qh4 Rg8 25. Rh3 Rg7 26. Qe4 1/2-1/2

[Event "QA-ANNIV-05"]
[Site "http://www.queenalice.com/game.php?id=723861"]
[Date "2010.2.1"]
[Round "3"]
[White "Velasquez"]
[Black "PowerGuido"]
[Result "0-1"]
[WhiteElo "1865"]
[BlackElo "2472"]

1. e4 e5 2. Nf3 Nc6 3. Bb5 Nf6 4. Nc3 Nd4 5. Nxd4 exd4 6. Na4 c6 7. Bd3 b5 8. e5
Nd5 9. c3 bxa4 10. Qxa4 Qg5 11. Qxd4 Nf4 12. g3 Nxd3+ 13. Qxd3 Qxe5+ 14. Qe3
Qxe3+ 15. dxe3 d5 16. O-O h5 17. a4 h4 18. Re1 hxg3 19. fxg3 Bf5 20. Bd2 Rb8 21.
b4 Be4 22. Ra2 Bd6 0-1

[Event "Burundi - Spain"]
[Site "http://www.queenalice.com/game.php?id=732700"]
[Date "2010.2.16"]
[Round "-"]
[White "PowerGuido"]
[Black "Conde7"]
[Result "1-0"]
[WhiteElo "2485"]
[BlackElo "2626"]

1. e4 c5 2. Nf3 d6 3. d4 cxd4 4. Nxd4 Nf6 5. Nc3 a6 6. Be3 Ng4 7. Bg5 Nc6 8. h3
Qa5 9. Qd2 Nf6 10. Nb3 Qd8 11. Be2 h6 12. Bxf6 gxf6 13. O-O-O h5 14. Kb1 e6 15.
f4 Bd7 16. h4 b5 17. Bf3 Be7 18. f5 Ne5 19. Ne2 Nc4 20. Qd3 Ne5 21. Qe3 Nc4 22.
Qf2 e5 23. Nd2 Qa5 24. Ng3 Rc8 25. Nxc4 bxc4 26. Rd5 Qd8 27. c3 a5 28. Rd2 a4
29. a3 Rb8 30. Nxh5 Bc6 31. Qe2 Bb5 32. g4 Rb6 33. Qe3 Rb8 34. Rg2 Qb6 35. Qxb6
Rxb6 36. g5 fxg5 37. hxg5 Rg8 38. g6 fxg6 39. fxg6 Bd7 40. g7 Rb8 41. Bg4 Rb7
42. Bxd7+ Rxd7 43. Rg6 Kf7 44. Rh6 Rdd8 45. Rf1+ 1-0

[Event "Spain - Burundi"]
[Site "http://www.queenalice.com/game.php?id=732701"]
[Date "2010.2.16"]
[Round "-"]
[White "Conde7"]
[Black "PowerGuido"]
[Result "0-1"]
[WhiteElo "2681"]
[BlackElo "2473"]

1. e4 c6 2. d4 d5 3. e5 Bf5 4. Nc3 e6 5. g4 Bg6 6. Nge2 c5 7. h4 h5 8. Nf4 Bh7
9. Nxh5 cxd4 10. Nb5 Nc6 11. Nxd4 Nge7 12. c3 a6 13. Be2 Nxe5 14. Bg5 Qc7 15.
Qa4+ Nd7 16. Rh3 O-O-O 17. Qa3 Nb6 18. Rf3 Nc6 19. Bxd8 Nxd8 20. Qb3 e5 21. Nc2
d4 22. Rh3 Ne6 23. Nb4 e4 24. Nxa6 bxa6 25. Bxa6+ Kb8 26. Bc4 d3 27. Bxe6 fxe6
28. a4 Bc5 29. a5 Qc6 30. axb6 Rf8 31. f4 exf3 32. Qa4 f2+ 0-1

[Event "QA-ANNIV-05"]
[Site "http://www.queenalice.com/game.php?id=759021"]
[Date "2010.4.10"]
[Round "4"]
[White "puddschini"]
[Black "PowerGuido"]
[Result "0-1"]
[WhiteElo "2487"]
[BlackElo "2496"]

1. e4 c6 2. d4 d5 3. Nc3 dxe4 4. Nxe4 Nf6 5. Nxf6+ exf6 6. c3 Bd6 7. Bd3 O-O 8.
Qc2 Re8+ 9. Ne2 g6 10. h4 Be6 11. h5 f5 12. Bd2 Nd7 13. O-O-O Nf6 14. hxg6 fxg6
15. Bg5 Be7 16. Kb1 Bf7 17. f3 Nd5 18. Bd2 Bg5 19. f4 Bf6 20. Rh3 Qd6 21. Rdh1
h5 22. Rg3 Bg7 23. Rhh3 b5 24. Rg5 b4 25. cxb4 Bf6 26. Qc5 Qxc5 27. dxc5 Rab8
28. a3 a5 29. b5 Bxg5 30. fxg5 cxb5 31. b4 axb4 32. axb4 Rbd8 33. Kc1 Re7 34.
Ng1 f4 35. Ne2 Be6 36. Rf3 Bg4 37. Rf2 Nxb4 38. Bxb5 Na2+ 39. Kc2 Re5 0-1

[Event "QA-ANNIV-04"]
[Site "http://www.queenalice.com/game.php?id=762166"]
[Date "2010.4.16"]
[Round "8"]
[White "Lorfman"]
[Black "PowerGuido"]
[Result "1-0"]
[WhiteElo "2767"]
[BlackElo "2506"]

1. d4 Nf6 2. c4 e6 3. Nc3 Bb4 4. e3 O-O 5. Bd3 d5 6. Nf3 c5 7. O-O Nc6 8. a3
Bxc3 9. bxc3 b6 10. cxd5 exd5 11. Ne5 Bb7 12. Bb2 c4 13. Nxc6 Bxc6 14. Bc2 b5
15. f3 a5 16. Bc1 Qe7 17. Qe1 h6 18. Bd2 Rfe8 19. Qf2 Rad8 20. Rfe1 Ra8 21. Qh4
Rac8 22. Bf5 Rcd8 23. Re2 Bd7 24. Bc2 Bc6 25. Qe1 Rd6 26. Qb1 Qa7 27. Be1 Rde6
28. Bf2 Qb7 29. Bf5 R6e7 30. Rb2 a4 31. Qc2 Qc7 32. Re1 Nh5 33. Qc1 g6 34. Bb1
Qd6 35. g4 Nf6 36. Rbe2 Re6 37. Bg3 Qd8 38. Bf4 Nd7 39. Kg2 Qh4 40. h3 Kg7 41.
Kh2 Nf8 42. Bg3 Qd8 43. f4 R6e7 44. f5 g5 45. f6+ Kxf6 46. Rf2+ Kg7 47. Ref1 Rb7
48. Rf6 Qxf6 49. Rxf6 Kxf6 50. Qf1+ Ke7 51. Qf5 Ne6 52. Qh7 Kd8 53. Qxh6 Rd7 54.
Bf5 Kc8 55. Bxe6 Rxe6 56. Qxg5 Kb7 57. Qg8 Kb6 58. Qb8+ Rb7 59. Bc7+ Ka6 60.
Qa8+ Ra7 61. Qc8+ Bb7 62. Qf8 Bc6 63. Be5 Rae7 64. Qc8+ Bb7 65. Qc5 f6 66. Bb8
Ba8 67. h4 1-0

[Event "QA-ANNIV-06"]
[Site "http://www.queenalice.com/game.php?id=791101"]
[Date "2010.6.16"]
[Round "1"]
[White "bbking"]
[Black "PowerGuido"]
[Result "0-1"]
[WhiteElo "1494"]
[BlackElo "2505"]

1. e4 Nf6 2. e5 Nd5 3. c4 Nb6 4. d4 d6 5. f4 dxe5 6. fxe5 Nc6 7. Be3 Bf5 8. Nc3
e6 9. Nf3 Bb4 10. a3 Bxc3+ 11. bxc3 O-O 12. Bd3 Na5 13. O-O Naxc4 14. Bxc4 Nxc4
15. Re1 Qd5 16. Rb1 Nxe3 17. Rxe3 Bxb1 18. Qxb1 c5 19. a4 cxd4 20. Nxd4 Rfc8 21.
Rh3 h6 22. Qe1 Rc4 23. Nb5 Rxa4 24. Nc7 Qc5+ 0-1

[Event "QA-ANNIV-05"]
[Site "http://www.queenalice.com/game.php?id=793786"]
[Date "2010.6.23"]
[Round "5"]
[White "PowerGuido"]
[Black "AndyWo"]
[Result "1/2-1/2"]
[WhiteElo "2503"]
[BlackElo "2605"]

1. d4 Nf6 2. c4 e6 3. Nc3 Bb4 4. e3 O-O 5. Bd3 d5 6. Nf3 c5 7. O-O Nc6 8. a3
Bxc3 9. bxc3 dxc4 10. Bxc4 Qc7 11. h3 e5 12. Bb2 Bf5 13. Bb5 e4 14. Nd2 Rfd8 15.
Qe2 Rab8 16. Nb3 cxd4 17. cxd4 a6 18. Bxc6 Qxc6 19. Rfc1 Qd5 20. Nc5 Rbc8 21.
Bc3 Nd7 22. Bb4 Nxc5 23. Rxc5 Rxc5 24. Bxc5 Bd7 25. a4 Rc8 26. a5 f6 27. Rb1 h5
28. Rb6 Bc6 29. Kh2 Kf7 30. Qd1 Kg6 31. Qc2 Kh6 1/2-1/2

[Event "QA-ANNIV-04"]
[Site "http://www.queenalice.com/game.php?id=808059"]
[Date "2010.7.24"]
[Round "9"]
[White "PowerGuido"]
[Black "cunha"]
[Result "1-0"]
[WhiteElo "2505"]
[BlackElo "2788"]

1. e4 c5 2. Nc3 Nc6 3. g3 g6 4. Bg2 Bg7 5. d3 d6 6. Be3 Nf6 7. h3 O-O 8. f4 Nd4
9. Nf3 e5 10. fxe5 dxe5 11. O-O Nh5 12. Kh2 b6 13. a4 Bb7 14. Nd2 Qd7 15. Nc4
Rab8 16. b3 Bc6 17. Rb1 Rbe8 18. Rg1 f5 19. exf5 Bxg2 20. Rxg2 Nxf5 21. Ne4 Nf6
22. Nxf6+ Rxf6 23. Qg4 h5 24. Qe4 Nd4 25. Nd2 Kh8 26. Rf2 Rxf2+ 27. Bxf2 Nxc2
28. Qxg6 Re6 29. Qe4 1-0

[Event "QA-ANNIV-06"]
[Site "http://www.queenalice.com/game.php?id=837055"]
[Date "2010.9.23"]
[Round "2"]
[White "PowerGuido"]
[Black "Antonino"]
[Result "1-0"]
[WhiteElo "2519"]
[BlackElo "1999"]

1. e4 e5 2. Bc4 Nf6 3. d3 d5 4. exd5 Nxd5 5. Nf3 Nc6 6. O-O Bg4 7. Re1 Be7 8. h3
Bh5 9. g4 Bg6 10. Nxe5 Nxe5 11. Rxe5 Nb6 12. Bb3 O-O 13. Nc3 Bh4 14. Qf3 Re8 15.
Rxe8+ Qxe8 16. Bd2 c6 17. g5 1-0

[Event "QA-ANNIV-06"]
[Site "http://www.queenalice.com/game.php?id=885094"]
[Date "2011.1.12"]
[Round "3"]
[White "javito"]
[Black "PowerGuido"]
[Result "0-1"]
[WhiteElo "1744"]
[BlackElo "2510"]

1. e4 Nf6 2. d3 e5 3. g3 d5 4. exd5 Qxd5 5. Nf3 e4 6. Nc3 Bb4 7. dxe4 Bxc3+ 8.
Bd2 Qxe4+ 9. Be2 Bxd2+ 10. Qxd2 O-O 11. O-O Bg4 12. Rfe1 Bxf3 13. Bxf3 Qxf3 14.
Re3 Qh5 15. f3 Nc6 16. c3 Rae8 17. Rxe8 Rxe8 18. b4 Ne5 0-1

[Event "QA-ANNIV-05"]
[Site "http://www.queenalice.com/game.php?id=885936"]
[Date "2011.1.13"]
[Round "7"]
[White "GMNeny"]
[Black "PowerGuido"]
[Result "0-1"]
[WhiteElo "2473"]
[BlackElo "2511"]

1. e4 c5 2. Nf3 d6 3. d4 cxd4 4. Nxd4 Nf6 5. Nc3 a6 6. Be3 e5 7. Nb3 Be7 8. f3
O-O 9. Qd2 Be6 10. O-O-O Nbd7 11. g4 Qc7 12. Kb1 b5 13. g5 Nh5 14. Nd5 Bxd5 15.
exd5 Nb6 16. Na5 Nxd5 17. Qxd5 Qxa5 18. Bd3 Qd8 19. Be4 Bxg5 20. Qxa8 Qxa8 21.
Bxa8 Bxe3 22. Bc6 Bc5 23. a3 a5 24. Bxb5 Rb8 25. a4 Nf4 26. c3 Kf8 27. Kc2 Ke7
28. Rhe1 Ng2 29. Re2 Ne3+ 30. Rxe3 Bxe3 31. b4 Bb6 32. Bc4 g6 33. Rd5 axb4 34.
cxb4 Bg1 35. b5 Rc8 36. Kb3 Bb6 37. Kb4 Ra8 38. Rd1 Ba5+ 39. Kb3 Rc8 40. Rg1 f5
41. h3 Rc5 42. Rd1 g5 43. Rd5 Rc7 44. Rd3 h5 45. Rd1 Rc5 46. Rd5 Rxd5 47. Bxd5
e4 48. fxe4 f4 49. e5 dxe5 50. Bf3 Kf6 51. Kc4 Kf5 52. Kd5 g4 53. hxg4+ hxg4 54.
Be4+ Kg5 0-1

[Event "QA-ANNIV-05"]
[Site "http://www.queenalice.com/game.php?id=921205"]
[Date "2011.4.3"]
[Round "8"]
[White "PowerGuido"]
[Black "Phil_Corrigan"]
[Result "1/2-1/2"]
[WhiteElo "2518"]
[BlackElo "2474"]

1. c4 Nf6 2. Nc3 g6 3. d4 Bg7 4. e4 d6 5. f3 O-O 6. Be3 c6 7. Bd3 a6 8. Nge2
Nbd7 9. a4 e5 10. d5 cxd5 11. cxd5 Nc5 12. O-O Nxd3 13. Qxd3 Ne8 14. a5 f5 15.
Na4 Bd7 16. Nb6 Bb5 17. Qd2 Rb8 18. exf5 gxf5 19. Rfe1 Bxe2 20. Rxe2 Nc7 21. Rc1
Nb5 22. Kh1 Qe7 23. Rc4 Rbe8 24. Re1 Qf7 25. Rcc1 Qg6 26. f4 e4 27. Rc2 Qf7 28.
Rec1 Bf6 29. Nc4 Qg7 1/2-1/2

[Event "DESAFIO"]
[Site "http://www.queenalice.com/game.php?id=930836"]
[Date "2011.4.27"]
[Round "-"]
[White "preggo"]
[Black "PowerGuido"]
[Result "0-1"]
[WhiteElo "1369"]
[BlackElo "2518"]

1. Nf3 d5 2. e3 c5 3. Bb5+ Bd7 4. Nc3 Bxb5 5. Nxb5 a6 6. Nc3 Nc6 7. Nh4 g5 8.
Nf3 g4 9. Ng1 d4 10. Ne4 Qd5 11. f3 gxf3 12. Qxf3 Ne5 13. Nf6+ Nxf6 14. Qxd5
Nxd5 15. Nh3 Nb4 16. Kd1 dxe3 17. dxe3 Rd8+ 18. Bd2 Nc4 19. b3 Rxd2+ 20. Ke1
Nxc2+ 21. Kf1 N4xe3+ 22. Kg1 Rxg2# 0-1

[Event "QA-ANNIV-06"]
[Site "http://www.queenalice.com/game.php?id=967012"]
[Date "2011.7.31"]
[Round "5"]
[White "Bernhardur"]
[Black "PowerGuido"]
[Result "0-1"]
[WhiteElo "2397"]
[BlackElo "2514"]

1. d4 e6 2. Nf3 Nf6 3. Bf4 c5 4. Nc3 Nc6 5. e4 cxd4 6. Nxd4 Bb4 7. Nxc6 bxc6 8.
Qd3 O-O 9. Be5 d5 10. a3 Bxc3+ 11. Qxc3 Nxe4 12. Qxc6 Bd7 13. Qb7 Qg5 14. f4 Qe7
15. g3 Qc5 16. O-O-O Ba4 17. b3 Rfc8 18. Bd3 Rab8 19. Qa6 Qxa3+ 0-1

[Event "Rock´n´Roll"]
[Site "http://www.queenalice.com/game.php?id=986220"]
[Date "2011.9.17"]
[Round "-"]
[White "bobifixer"]
[Black "PowerGuido"]
[Result "0-1"]
[WhiteElo "2071"]
[BlackElo "2526"]

1. c4 c6 2. Nf3 d5 3. cxd5 cxd5 4. d4 Nc6 5. g3 Nf6 6. Nc3 e6 7. Bg5 Be7 8. Bg2
h6 9. Bxf6 Bxf6 10. a3 Qb6 11. Na4 Qb5 12. O-O Bd7 13. b3 Rc8 14. Nc5 Nxd4 15.
Nxd4 Qxc5 16. e3 O-O 17. b4 Qc3 18. Ra2 Bxd4 19. exd4 Rc4 20. Re1 Rfc8 21. Qa1
Qxa1 22. Raxa1 Rxd4 23. Bf1 Rd2 24. Rac1 Rcc2 25. Rxc2 Rxc2 26. Kg2 Kf8 27. Re3
Bc6 28. Kg1 Rc1 29. f4 Bb5 30. Rf3 d4 31. Kf2 Rxf1+ 0-1

[Event "Buddy Guy"]
[Site "http://www.queenalice.com/game.php?id=986221"]
[Date "2011.9.17"]
[Round "-"]
[White "PowerGuido"]
[Black "bobifixer"]
[Result "1-0"]
[WhiteElo "2527"]
[BlackElo "2069"]

1. e4 c5 2. Nf3 d6 3. d4 cxd4 4. Nxd4 Nf6 5. Nc3 a6 6. Bg5 e6 7. Be2 Be7 8. O-O
O-O 9. Qd2 Nc6 10. Rad1 Nxd4 11. Qxd4 b5 12. e5 dxe5 13. Qxe5 Qb6 14. Ne4 Nd5
15. Rxd5 exd5 16. Bxe7 dxe4 17. Bxf8 Kxf8 18. Qxe4 Bb7 19. Qxh7 Qg6 20. Qxg6
fxg6 21. Rd1 Ke7 22. h4 Be4 23. c4 bxc4 24. Bxc4 Bf5 25. b3 a5 26. a4 Ra7 27. f3
Rc7 28. Rd5 Ra7 29. Kh2 Bc8 30. Kg3 Bf5 31. Kf4 Kf6 32. g4 Bc2 33. Re5 1-0